000
00300nam a22001337a 4500
008
140107t xxu||||| |||| 00| 0 eng d
020
_a
969-35-1087-9
100
_a
Ashfaq Ahmad
_9
538
240
_a
khel tamasha
245
_a
Kail Tamasha
246
_a
khail tamasha
300
_a
340
942
_2
ddc
_c
BK
999
_c
16809
_d
16809